Strojírenské výrobky /
Enregistré dans:
| Auteur principal: | |
|---|---|
| Format: | Livre |
| Langue: | tchèque |
| Publié: |
Praha :
SNTL,
1986
|
| Édition: | 1.vyd. |
| Tags: |
Pas de tags, Soyez le premier à ajouter un tag!
|
MARC
| LEADER | 00000nam a22000003a 4500 | ||
|---|---|---|---|
| 001 | stu8255 | ||
| 005 | 20150617225805.4 | ||
| 008 | 951117s1986----cs------------------cze-d | ||
| 040 | |a STU |b slo | ||
| 041 | 0 | |a cze | |
| 044 | |a cs | ||
| 080 | |a 621.002.61 |7 A000000389 | ||
| 080 | |a 678.5 | ||
| 100 | 1 | |a Kolouch, Jan |4 aut | |
| 245 | 1 | |a Strojírenské výrobky / |c [aut.] Kolouch,J | |
| 250 | |a 1.vyd. | ||
| 260 | |a Praha : |b SNTL, |c 1986 | ||
| 300 | |a 232 s | ||
| 996 | |b E62032 |c E*62032 |l EE05 |s P |a 0 |w stu8255_0001 | ||